| 000 | 00513nam a2200181Ia 4500 | ||
|---|---|---|---|
| 003 | 0100 | ||
| 005 | 20150204111823.0 | ||
| 008 | 130303s9999 xx 000 0 und d | ||
| 040 | _cARRUPELIB | ||
| 050 | _aB105.M4.C776 2003 | ||
| 100 |
_aCooper, David E. _914834 |
||
| 245 |
_aMeaning _c/ by David E. Cooper |
||
| 260 |
_bAcumen publishing _aChesham _c2003 |
||
| 300 |
_a152p. _c 21cm. |
||
| 440 |
_aCentral Problems of Philosophy _914835 |
||
| 650 |
_bMissions--South Africa _914836 |
||
| 942 |
_2lcc _cMONOGRAPH |
||
| 999 |
_c65205 _d65205 |
||